| 000 | 00927nam a2200313 a 4500 | ||
|---|---|---|---|
| 001 | 28416 | ||
| 003 | UkOxU | ||
| 005 | 20211209051259.0 | ||
| 008 | 140330r19731970enk b 001 0 eng d | ||
| 020 | _a0333071468 | ||
| 020 | _a0333115481 (pbk) | ||
| 035 | _a(BD-RjUL)28497 | ||
| 035 | _a(OCoLC)278776 | ||
| 040 |
_aBD-RjUL _beng _cBD-RjUL |
||
| 041 | _aeng | ||
| 082 | 0 | 0 |
_a121 _bHAT 1973 |
| 100 | 1 |
_aHamlyn, D. W., _d1924- . _93707 |
|
| 245 | 1 | 4 |
_aThe theory of knowledge / _cD.W. Hamlyn. |
| 260 |
_aLondon : _bMacmillan, _c1971. [Reprinted 1973] |
||
| 300 |
_ax, 308 p. ; _c20 cm. |
||
| 500 | _aOriginally published: Garden City, N.Y. : Anchor Books, 1970. | ||
| 504 | _aBibliography: p. [292]-298. | ||
| 504 | _aIncludes index. | ||
| 650 | 0 |
_aKnowledge, Theory of. _987008 |
|
| 830 | 0 |
_aModern introductions to philosophy. _987015 |
|
| 942 |
_2ddc _cBK _01 |
||
| 999 |
_c28416 _d28416 |
||